| 000 | 00970nam a22002177a 4500 | ||
|---|---|---|---|
| 999 |
_c12820 _d12820 |
||
| 003 | AR-CdUCM | ||
| 008 | 190410b ||||| |||| 00| 0 spa d | ||
| 040 |
_aMUNICIPALIDAD PROVINCIAL DEL CUSCO _cBIBLIOTECA MUNICIPAL DEL CUSCO |
||
| 082 |
_a321.021 / _bM12 |
||
| 100 |
_aMacmahon, Arthur W. _930897 |
||
| 245 |
_aPractica del federalismo : _bEstudios comparados entre países con sistema federal experimentado y nuevas federaciones / |
||
| 260 |
_aBuenos aires : _bEditorial bibliográfica argentina, _c1959. |
||
| 300 |
_a581 páginas _c24 cm. |
||
| 440 |
_aColección de ciencias políticas. _930898 |
||
| 505 | _aContenido :Los problemas del federalismo -- El federalismo y la creación de naciones -- Federalismo y libertad -- Pre requisitos del equilibrio -- Capitalismo en evolución y federalismo político ... | ||
| 650 |
_aFederalismo _912838 |
||
| 650 |
_aDescentralismo _930899 |
||
| 700 |
_aNaymark, Moises _930900 |
||
| 942 |
_2ddc _cLIBROS |
||
| 945 | _arum | ||